Statistics for Football in the 2010s

Click here to take the quiz!

General Stats

  • This quiz has been taken 68 times
  • The average score is 83 of 86

Answer Stats

HintAnswer% Correct
Champions League 1993/94 | Champions League 1995/96 | Champions League 1996/97 | +3 othersReal Madrid
100%
Bundesliga 1989/90 | Bundesliga 1992/93 | Bundesliga 1993/94 | +6 othersBayern Munich
100%
2009/10 | 2014/15 | 2016/17 | European Cup 1991/92Chelsea
100%
2010/11 | 2012/13Manchester United
100%
2011/12 | 2013/14 | 2017/18 | 2018/19Manchester City
100%
2015/16Leicester City
100%
Champions League 1998/99Liverpool
100%
Serie A 1990/91Milan
100%
Champions League 1994/95 | European Cup 1990/91 | La Liga 1989/90 | +6 othersBarcelona
100%
Ballon d'Or 1993 | Ballon d'Or 1994 | Ballon d'Or 1996 | Ballon d'Or 1997Cristiano Ronaldo
98%
Ballon d'Or 1990 | Ballon d'Or 1991 | Ballon d'Or 1992 | +2 othersLionel Messi
98%
Serie A 1991/92 | Serie A 1992/93 | Serie A 1993/94 | +5 othersJuventus
98%
European Cup 1989/90 | Serie A 1989/90Inter Milan
98%
Eredivisie 1990/91 | Eredivisie 1991/92 | Eredivisie 1992/93 | +2 othersAjax
98%
2010 World Cup | UEFA Euro 2012Spain
98%
La Liga 1993/94Atlético Madrid
98%
French Division 1 1992/93 | French Division 1 1993/94 | French Division 1 1994/95 | +3 othersParis Saint-Germain
98%
2018 World CupFrance
98%
2014 World CupGermany
97%
Bundesliga 1990/91 | Bundesliga 1991/92Borussia Dortmund
95%
2018/19 UEFA Nations League | UEFA Euro 2016Portugal
95%
French Division 1 1996/97Monaco
93%
Eredivisie 1994/95 | Eredivisie 1995/96 | Eredivisie 1997/98PSV Eindhoven
92%
French Division 1 1989/90Marseille
92%
Ballon d'Or 1998Luka Modrić
92%
Eredivisie 1996/97Feyenoord
82%
French Division 1 1990/91Lille
77%
French Division 1 1991/92Montpellier
67%
Eredivisie 1989/90Twente
49%

Score Distribution

Percentile by Number Answered

Percent of People with Each Score

Your Score History

You have not taken this quiz